[Event "Montreal Mercredi 04"]
[Site "Montreal"]
[Date "2018.04.11"]
[Round "2"]
[White "Gates, Claude Eric"]
[Black "Jureidini, Gabriel"]
[Result "0-1"]
[WhiteElo "1749"]
[BlackElo "1764"]
[PlyCount "85"]
[EventDate "2018.04.04"]
[EventType "swiss"]
[EventRounds "5"]
[EventCountry "CAN"]
[SourceTitle "EXT 2022"]
[Source "ChessBase"]
[SourceDate "2021.10.06"]
[SourceVersion "1"]
[SourceVersionDate "2021.10.06"]
[SourceQuality "1"]

1. d4 Nf6 2. c4 d6 3. Nc3 Nbd7 4. Nf3 e5 5. e4 c6 6. Be2 Be7 7. Be3 Ng4 8. Bd2 0-0 9. Qc2 Qc7 10. 0-0 a5 11. a3 exd4 12. Nxd4 Nc5 13. f3 Nf6 14. b4 axb4 15. axb4 Rxa1 16. Rxa1 Na6 17. b5 Nc5 18. Be3 Re8 19. Bf2 Bf8 20. Bf1 g6 21. Rb1 Bg7 22. Rd1 Nh5 23. Qd2 Be5 24. Nce2 Ng7 25. Nc3 Nge6 26. Nxe6 Bxe6 27. g3 Qa5 28. Be1 Ra8 29. Qe3 Qa3 30. f4 Bxc3 31. Bxc3 Nxe4 32. Qxe4 Qxc3 33. bxc6 bxc6 34. Qxc6 Qe3+ 35. Kh1 Ra2 36. Bg2 Qe2 37. Qf3 Qxc4 38. Rxd6 h5 39. Qd1 Qc3 40. Rd3 Ra1 41. Bf1 Qc6+ 42. Qf3 Rxf1+ 43. Kg2 0-1

[Event "Gatineau TORO U1900"]
[Site "Gatineau"]
[Date "2013.06.08"]
[Round "2"]
[White "Tomalty, Alan"]
[Black "Jureidini, Gabriel"]
[Result "0-1"]
[WhiteElo "1691"]
[BlackElo "1752"]
[PlyCount "86"]
[EventDate "2013.06.07"]
[EventType "swiss"]
[EventRounds "5"]
[EventCountry "CAN"]
[SourceTitle "EXT 2022"]
[Source "ChessBase"]
[SourceDate "2021.10.06"]
[SourceVersion "1"]
[SourceVersionDate "2021.10.06"]
[SourceQuality "1"]

1. d4 Nf6 2. Nf3 d6 3. Nc3 Nbd7 4. e4 e5 5. Bc4 Be7 6. Bg5 c6 7. 0-0 0-0 8. h3 b5 9. Bd3 a5 10. Ne2 h6 11. Be3 Qc7 12. Ng3 Re8 13. c4 b4 14. Rc1 exd4 15. Bxd4 Nc5 16. Bb1 Be6 17. Qc2 Ncd7 18. Rfe1 Ne5 19. Nxe5 dxe5 20. Be3 a4 21. Qd2 Nd7 22. Rf1 Bc5 23. Bxc5 Nxc5 24. Qe3 Qe7 25. f4 exf4 26. Rxf4 Qg5 27. Ne2 Rad8 28. Kh2 Qe5 29. g3 Qxb2 30. Rf2 Rd2 31. Re1 Bxc4 32. Qxc5 Rxe2 33. Rfxe2 Bxe2 34. Qf2 Rd8 35. Rxe2 Qxb1 36. Qb6 Rd1 37. Qf2 b3 38. axb3 axb3 39. g4 Qc1 40. Kg3 c5 41. Qf5 Rg1+ 42. Kh2 Rf1 43. Rf2 Rxf2+ 0-1

[Event "Quebec op U2000"]
[Site "Montreal"]
[Date "2012.07.27"]
[Round "8"]
[White "Millette, Sylvain"]
[Black "Jureidini, Gabriel"]
[Result "0-1"]
[WhiteElo "1666"]
[BlackElo "1725"]
[PlyCount "78"]
[EventDate "2012.07.21"]
[EventType "swiss"]
[EventRounds "9"]
[EventCountry "CAN"]
[SourceTitle "EXT 2022"]
[Source "ChessBase"]
[SourceDate "2021.10.06"]
[SourceVersion "1"]
[SourceVersionDate "2021.10.06"]
[SourceQuality "1"]

1. Nf3 Nf6 2. g3 d6 3. Bg2 c6 4. 0-0 Nbd7 5. d4 e5 6. dxe5 dxe5 7. b3 Qc7 8. Ng5 Be7 9. Bb2 0-0 10. c4 a5 11. Nc3 Nc5 12. Qc2 Bg4 13. Nce4 Nfxe4 14. Nxe4 Ne6 15. e3 f5 16. f3 Bh5 17. Nc3 Bc5 18. Nd1 f4 19. Qe4 fxe3 20. Kh1 Bg6 21. Bxe5 Bxe4 22. Bxc7 e2 23. Re1 exd1Q 24. Raxd1 Nxc7 25. fxe4 Rad8 26. Bh3 Rfe8 27. Bd7 Re7 28. Bf5 Rxd1 29. Rxd1 g6 30. Bc8 Ne6 31. Kg2 Nd4 32. Re1 b6 33. e5 Kg7 34. e6 Kf6 35. Rf1+ Ke5 36. Kh3 Nxe6 37. Re1+ Kd6 38. Kg4 h5+ 39. Kh4 g5+ 0-1

[Event "Quebec op U2000"]
[Site "Montreal"]
[Date "2012.07.22"]
[Round "3"]
[White "Jureidini, Gabriel"]
[Black "Yao, Houji"]
[Result "0-1"]
[WhiteElo "1725"]
[BlackElo "1885"]
[PlyCount "50"]
[EventDate "2012.07.21"]
[EventType "swiss"]
[EventRounds "9"]
[EventCountry "CAN"]
[SourceTitle "EXT 2022"]
[Source "ChessBase"]
[SourceDate "2021.10.06"]
[SourceVersion "1"]
[SourceVersionDate "2021.10.06"]
[SourceQuality "1"]

1. e4 c5 2. Nf3 e6 3. d4 cxd4 4. Nxd4 a6 5. Bd3 Qc7 6. 0-0 Nf6 7. Qe2 d6 8. Nc3 Nbd7 9. Kh1 Be7 10. f4 0-0 11. Bd2 b5 12. Rae1 Bb7 13. e5 dxe5 14. fxe5 Nd5 15. Bxh7+ Kxh7 16. Qh5+ Kg8 17. Rf3 N5f6 18. Rxf6 Nxf6 19. exf6 Bxf6 20. Nce2 Rac8 21. Qg4 Qc4 22. c3 Qd3 23. Bc1 Qe4 24. Qg3 Bh4 25. Ng1 Qxe1 0-1

[Event "Quebec-ch qual U1800"]
[Site "Montreal"]
[Date "2005.10.08"]
[Round "2"]
[White "Jureidini, Gabriel"]
[Black "Szalay, Karoly"]
[Result "1-0"]
[WhiteElo "1745"]
[BlackElo "1713"]
[PlyCount "59"]
[EventDate "2005.10.08"]
[EventType "swiss"]
[EventRounds "3"]
[EventCountry "CAN"]
[SourceTitle "EXT 2009"]
[Source "ChessBase"]
[SourceDate "2008.11.26"]
[SourceVersion "1"]
[SourceVersionDate "2008.11.26"]
[SourceQuality "1"]

1. e4 e5 2. d4 exd4 3. Qxd4 Nc6 4. Qe3 b6 5. Bc4 Bb7 6. Nc3 Bc5 7. Qe2 Nd4 8. Qd3 Ne7 9. Bg5 f6 10. Be3 Nec6 11. Bxd4 Bxd4 12. Nge2 Bc5 13. Qg3 g6 14. 0-0-0 Ne5 15. Bb3 d6 16. Nf4 Qe7 17. Nfd5 Qg7 18. f4 Nc6 19. Nb5 0-0-0 20. Nbxc7 Nd4 21. Rxd4 Bxd4 22. Ne6 Qh6 23. Nxd4 g5 24. Qc3+ Kb8 25. Nc6+ Bxc6 26. Qxc6 Qg7 27. Nb4 Qb7 28. Bd5 Qc8 29. Qa8+ Kc7 30. Qxa7+ 1-0